|
|
|
|
| LEADER |
01980nam a2200385 a 4500 |
| 001 |
4360105 |
| 003 |
BD-DhAAL |
| 008 |
091019s1991 enka b 001 0 eng d |
| 999 |
|
|
|c 5050
|d 5050
|
| 010 |
|
|
|a 90007663
|
| 020 |
|
|
|a 019828635X (v. 1)
|
| 040 |
|
|
|a BD-DhAAL
|
| 082 |
0 |
0 |
|a 363.8830967
|2 20
|
| 245 |
0 |
4 |
|a The Political economy of hunger :
|b Entitlement and well-being /
|n volume 1,
|c edited by Jean Drèze and Amartya Sen.
|
| 260 |
|
|
|a Oxford [England] :
|b Clarendon Press ;
|a New York :
|b Oxford University Press ;
|a Dhaka :
|b University Press,
|c 1991.
|
| 300 |
|
|
|a xx, 492 pages :
|b illustrations ;
|c 24 cm.
|
| 362 |
0 |
|
|a Vol. 1
|
| 490 |
|
0 |
|a Studies in development economics
|
| 500 |
|
|
|a Rev. papers originally presented at a WIDER conference held in Helsinki in July 1986.
|
| 504 |
|
|
|a Includes bibliographical references and indexes.
|
| 505 |
0 |
|
|a v. 1. Entitlement and well-being -- v. 2. Famine prevention -- v. 3. Endemic hunger.
|
| 526 |
|
|
|a ESS
|
| 541 |
1 |
|
|a Complimentary copy from Professor Dr. Nasreen Khundker.
|e 00004775, 36667
|
| 650 |
|
0 |
|a Famines
|z Africa, Sub-Saharan
|x Case studies.
|9 37345
|
| 650 |
|
0 |
|a Food relief
|z Africa, Sub-Saharan
|x Case studies.
|9 37346
|
| 650 |
|
0 |
|a Famines
|z South Asia
|x Case studies.
|9 37347
|
| 650 |
|
0 |
|a Food relief
|z South Africa
|x Case studies.
|9 37348
|
| 650 |
|
0 |
|a Hunger
|x Case studies.
|9 37349
|
| 700 |
1 |
|
|a Drèze, Jean.
|9 37350
|
| 700 |
1 |
|
|a Sen, Amartya,
|d 1933-
|9 37351
|
| 710 |
2 |
|
|a World Institute for Development Economics Research.
|9 37352
|
| 852 |
4 |
|
|a Ayesha Abed Library
|j General Shelf
|
| 942 |
|
|
|2 ddc
|c BK
|
| 952 |
|
|
|0 0
|1 0
|2 ddc
|4 0
|6 363_883096700000000_POL_1991
|7 0
|9 4885
|a BRACUL
|b BRACUL
|c GEN
|d 2009-11-03
|g 650.00
|l 1
|m 1
|o 363.8830967 POL
|p 3010004775
|r 2017-12-31
|s 2017-12-17
|t 1
|v 1300.00
|w 2009-11-03
|y BK
|
| 952 |
|
|
|0 0
|1 0
|2 ddc
|4 0
|6 363_883096700000000_POL
|7 0
|9 67195
|a BRACUL
|b BRACUL
|c GEN
|d 2019-11-19
|e Complimentary copy from Professor Dr. Nasreen Khundker
|l 0
|o 363.8830967 POL
|p 3010036667
|r 2019-11-19
|t 2
|w 2009-11-03
|y BK
|